| 000 | 01117nam a22002297a 4500 | ||
|---|---|---|---|
| 003 | OSt | ||
| 005 | 20161114100424.0 | ||
| 008 | 150407b2016 slv spa | ||
| 040 | _cBMC | ||
| 082 | _a372.7 | ||
| 100 | 1 |
_940452 _aArévalo Rivera, Noé Ovidio |
|
| 245 | 1 | 0 |
_aElaboración de una guía de trabajo de matemática para el refuerzo de PAES en educación media _b: proyecto _cBrenda Gabriela Castillo Dolores, José David Zavaleta Santos |
| 260 |
_aSanta Ana (El Salvador) _bUniversidad Católica de El Salvador _c2016 |
||
| 300 |
_a1 folleto (35 h.) _bil. col. _c28 cm _e+ 1 disco compacto |
||
| 500 | _aPrecede al tít.: Universidad Católica de El Salvador, Facultad de Ciencias y Humanidades | ||
| 502 | _aTrabajo de graduación para optar al grado académico de Licenciatura en Ciencias de la Educación especialidad en matemática. | ||
| 650 | 2 | 4 |
_97302 _aMatemáticas _xDidáctica |
| 700 | 1 |
_940417 _aZavaleta Santos, José David |
|
| 700 | 1 |
_940415 _aCastillo Dolores, Brenda Gabriela |
|
| 710 | 2 |
_91075 _aUniversidad Católica de El Salvador _bFacultad de Ciencias y Humanidades |
|
| 942 |
_2ddc _cTG |
||
| 999 |
_c26488 _d26488 |
||